000 01442nam0a2200361 4500
001 RU\NLR\bibl\76604
005 20260406050224.0
010 _a5-87414-124-3
021 _aRU
_b1998-50675
_92440
021 _aRU
_b1998-48704
_92347
035 _a(NLR Aleph) 000074772
090 _a413970
_c413970
100 _a20000323d1998 |||y0rusy50 ca
101 0 _arus
102 _aRU
105 _ay |||||||||
200 1 _aРусские женщины в лабиринте равноправия
_eОчерки полит. истории. Докум. материалы
_fСветлана Айвазова
210 _aМ.
_cРИК Русанова
_d1998
215 _a405 с.
_d21
320 _aБиблиогр. в прим.: с. 137-144
320 _aБиблиогр.: с. 145-150 и в подстроч. прим.
606 0 _aЖенщины
_xПравовое положение
_yРоссийская Федерация
_92139426
_3RU\NLR\auth\661289663
606 0 _aФеминизм
_yРоссийская Федерация
_92210135
_3RU\NLR\auth\661327688
686 _aФ74(2),84
686 _aХ620.322.1
700 1 _4070
_8rus
_7ca
_aАйвазова
_bС. Г.
_f1944-
_gСветлана Григорьевна
_3RU\NLR\auth\775738
_9115697
801 0 _aRU
_bNLR
_c20000323
_gPSBO
801 1 _aRU
_bNLR
_c20000323
830 _aАвт. по кн.
852 _aNLR
_j99-5/5215
942 _cBOOK
980 _aNB